000
00238nam a22001217a 4500
040
_c
SK
082
_a
657
100
_a
SIEM MONILEAK
245
_a
Financial accounting
260
_a
Phnom Penh
_b
SIE
_c
1996
300
_a
128p.
942
_c
KB
999
_c
9637
_d
9637